De hervorming van het jeugdbeschermingsrecht: commentaar op de wet van 2 februari 1994 en de gecoördineerde decreten van 4 april 1990
| Beteiligte: | ; |
|---|---|
| Medienart: | Druck Buch |
| Sprache: | Niederländisch |
| Veröffentlicht: |
Leuven [u.a.]
Acco
1994
|
| In: |
Instituut voor Familierecht en Jeugdrecht (24)
Jahr: 1994 |
| Bestand in Tübingen: | In Tübingen vorhanden. UB: KB 19 A 6470 |
| Verfügbarkeit prüfen: | HBZ Gateway |
| Subito Bestelldienst: | Jetzt bestellen. |
MARC
| LEADER | 00000cam a2200000 c 4500 | ||
|---|---|---|---|
| 001 | 1622609794 | ||
| 003 | DE-627 | ||
| 005 | 20220606123944.0 | ||
| 007 | tu | ||
| 008 | 980507s1994 xx ||||| 00| ||dut c | ||
| 020 | |a 9033431289 |9 90-334-3128-9 | ||
| 035 | |a (DE-627)1622609794 | ||
| 035 | |a (DE-576)065739477 | ||
| 035 | |a (DE-599)BSZ065739477 | ||
| 035 | |a (OCoLC)37260460 | ||
| 040 | |a DE-627 |b ger |c DE-627 |e rakwb | ||
| 041 | |a dut | ||
| 245 | 0 | 3 | |a De hervorming van het jeugdbeschermingsrecht |b commentaar op de wet van 2 februari 1994 en de gecoördineerde decreten van 4 april 1990 |c P. Senaeve ... (eds.). Met bijdragen van: Geert Decock ... |
| 264 | 1 | |a Leuven [u.a.] |b Acco |c 1994 | |
| 300 | |a 256 S. | ||
| 336 | |a Text |b txt |2 rdacontent | ||
| 337 | |a ohne Hilfsmittel zu benutzen |b n |2 rdamedia | ||
| 338 | |a Band |b nc |2 rdacarrier | ||
| 490 | 1 | |a Instituut voor Familierecht en Jeugdrecht |v 24 | |
| 583 | 1 | |a Archivierung prüfen |c 20200919 |f DE-640 |z 1 |2 pdager | |
| 700 | 1 | |a Senaeve, Patrick |d 1951- |e Hrsg. |0 (DE-588)172569036 |0 (DE-627)697504522 |0 (DE-576)13342880X |4 edt | |
| 700 | 1 | |a Decock, Geert |0 (DE-627)1248426320 |0 (DE-576)178426326 |4 oth | |
| 810 | 2 | |a Katholieke Universiteit Leuven |b Instituut voor Familierecht en Jeugdrecht |t Instituut voor Familierecht en Jeugdrecht |v 24 |9 24 |w (DE-627)1043576304 |w (DE-576)050332872 |w (DE-600)2954131-1 |7 am | |
| 951 | |a BO | ||
| ELC | |b 1 | ||
| LOK | |0 000 xxxxxcx a22 zn 4500 | ||
| LOK | |0 001 3246484066 | ||
| LOK | |0 003 DE-627 | ||
| LOK | |0 004 1622609794 | ||
| LOK | |0 005 19980507000000 | ||
| LOK | |0 008 980507||||||||||||||||ger||||||| | ||
| LOK | |0 040 |a DE-21 |c DE-627 |d DE-21 | ||
| LOK | |0 852 |a DE-21 | ||
| LOK | |0 852 1 |c KB 19 A 6470 |9 00 | ||
| LOK | |0 935 |a krim | ||
| LOK | |0 936ln |a k4.2.4 | ||
| LOK | |0 939 |a 07-05-98 |b l01 | ||
| ORI | |a SA-MARC-krimdoka001.raw | ||
| SIG | |a UB: KB 19 A 6470 | ||
